উদ্ভিদ- ভ্রূণতত্ত্ব / (Record no. 3116)

MARC details
000 -LEADER
fixed length control field 00864nam a22002177a 4500
001 - CONTROL NUMBER
control field BD-DhSAU 3116
003 - CONTROL NUMBER IDENTIFIER
control field BD-DhSAU
005 - DATE AND TIME OF LATEST TRANSACTION
control field 20150527143752.0
008 - FIXED-LENGTH DATA ELEMENTS--GENERAL INFORMATION
fixed length control field 150204b1966 bg a||||r|||| 000 0 ben d
040 ## - CATALOGING SOURCE
Original cataloging agency BD-DhSAU
082 ## - DEWEY DECIMAL CLASSIFICATION NUMBER
Edition number 22
Classification number ৫৮১.৩৩
Item number ইউউ
100 ## - MAIN ENTRY--PERSONAL NAME
Personal name ইউনুস, আলী মোহাম্মদ
245 ## - TITLE STATEMENT
Title উদ্ভিদ- ভ্রূণতত্ত্ব /
Statement of responsibility, etc. আলী মোহাম্মদ ইউনুস
260 ## - PUBLICATION, DISTRIBUTION, ETC. (IMPRINT)
Place of publication, distribution, etc. ঢাকা :
Name of publisher, distributor, etc. কেন্দ্রীয় বাঙলা উন্নয়ন বোর্ড,
Date of publication, distribution, etc. ১৯৬৬.
300 ## - PHYSICAL DESCRIPTION
Extent iv, ১৮৮ পৃ. :
Other physical details চিত্র ;
Dimensions ২২ সেমি।
590 ## - Name of Cataloguer
Name of Cataloger joy
650 ## - SUBJECT ADDED ENTRY--TOPICAL TERM
Topical term or geographic name as entry element উদ্ভিদবিজ্ঞান।
650 ## - SUBJECT ADDED ENTRY--TOPICAL TERM
Topical term or geographic name as entry element Botany.
650 ## - SUBJECT ADDED ENTRY--TOPICAL TERM
Topical term or geographic name as entry element উদ্ভিদ ভ্রূণতত্ত্ব।
942 ## - ADDED ENTRY ELEMENTS (KOHA)
Source of classification or shelving scheme Dewey Decimal Classification
Koha item type Book
Holdings
Withdrawn status Lost status Source of classification or shelving scheme Damaged status Not for loan Home library Branch Name Shelving location Date acquired Total Checkouts Full call number Barcode Date last seen Price effective from Koha item type Collection code
    Dewey Decimal Classification     SAU Library SAU Library General Stacks 10/06/1978   ৫৮১.৩৩ ইউউ 420 04/02/2015 04/02/2015 Book  
    Dewey Decimal Classification     SAU Library SAU Library General Stacks 08/05/1990   ৫৮১.৩৩ ইউউ 14879 04/02/2015 04/02/2015 Book  
    Dewey Decimal Classification     SAU Library SAU Library General Stacks 08/05/1990   ৫৮১.৩৩ ইউউ 14875 04/02/2015 04/02/2015 Book  
    Dewey Decimal Classification     SAU Library SAU Library General Stacks 08/05/1990   ৫৮১.৩৩ ইউউ 14873 04/02/2015 04/02/2015 Book  
    Dewey Decimal Classification   Not For Loan SAU Library SAU Library Reference 27/05/2015   ৫৮১.৩৩ ইউউ 14871 27/05/2015 27/05/2015 Book Reference
    Dewey Decimal Classification   Not For Loan SAU Library SAU Library Reference 27/05/2015   ৫৮১.৩৩ ইউউ 419 27/05/2015 27/05/2015 Book Reference